ბათუმის შოთა რუსთაველის სახელმწიფო უნივერსიტეტის ბიბლიოთეკა

Аналитическая геометрия. (ბიბ.ჩანაწერი № 38506)

000 -LEADER
fixed length control field 00644nam a2200217Ia 4500
001 - CONTROL NUMBER
control field 4597
003 - CONTROL NUMBER IDENTIFIER
control field GE_BSU
008 - FIXED-LENGTH DATA ELEMENTS--GENERAL INFORMATION
fixed length control field 181216s||||||||xx |||||||||||||| ||und||
040 ## - CATALOGING SOURCE
Transcribing agency GE_BSU
080 ## - UNIVERSAL DECIMAL CLASSIFICATION NUMBER
Universal Decimal Classification number 514.12(075.8)
100 ## - MAIN ENTRY--PERSONAL NAME
Personal name Ильин В.А. Позняк Э.Г.
245 ## - TITLE STATEMENT
Title Аналитическая геометрия.
245 ## - TITLE STATEMENT
Remainder of title Изд. 3-е. учебник для студентов ун-тов.
245 ## - TITLE STATEMENT
Statement of responsibility, etc. Гл. ред. физ.-мат. лит.
260 ## - PUBLICATION, DISTRIBUTION, ETC.
Place of publication, distribution, etc. Москва
260 ## - PUBLICATION, DISTRIBUTION, ETC.
Name of publisher, distributor, etc. Наука
260 ## - PUBLICATION, DISTRIBUTION, ETC.
Date of publication, distribution, etc. 1981
300 ## - PHYSICAL DESCRIPTION
Extent 232 с. 22 см.
653 ## - INDEX TERM--UNCONTROLLED
Uncontrolled term Аналитическая геометрия.
942 ## - ADDED ENTRY ELEMENTS (KOHA)
Koha item type წიგნი

არაა ხელმისაწვდომი ეგზემპლარები.